Discographie Osirus Jack - Statistiques

Statistiques générales
  • Ce quiz a été pris 84 fois
    81 depuis la dernière actualisation
  • Le résultat moyen est 20 sur 48
Statistiques - réponses
Album Titre % Correct
Projet Blue Beam Sacrifice de Masse
92%
Nouvelle ère Ron Van Clief
76%
Nouvelle ère Lampadaire pt.2
70%
Nibiru Lufthansa
68%
LMF Dans les buissons
66%
Nibiru Sacrifice de masse pt.2
66%
Nouvelle ère TEN
66%
Nouvelle ère Mazout
62%
Nibiru C.E.R.N
60%
Lesram Nautilus
60%
T.R.A.P O.V
58%
Nouvelle ère C14
56%
Nouvelle ère Trilogie
56%
Nibiru Tsar Noir
56%
Nibiru E249
54%
Nouvelle ère Vril 67
54%
667 x LZ 669 pt.2
52%
Nibiru Même merde
50%
Nouvelle ère Or/Mif
50%
Nibiru OV de Bavière
48%
Nouvelle ère Apollo 11
46%
Primera Temporada Docteur lulu
46%
Nibiru M&M's
46%
Nouvelle ère Nowitzki
46%
Nibiru Sous teh
46%
Nibiru Dim Mak
44%
Don Black Onde de choc
44%
Nouvelle ère Desert Storm
42%
Segunda Temporada Kevin Mitnick
42%
Nouvelle ère Plan de match
42%
Nibiru MK Ultra
40%
Nibiru V.V.T
40%
Vingt-deux Killu
36%
Kusko Magnetic Flow
36%
Marathon Secte pt.3
36%
Mini RTTCLAN K.K.K
24%
Back to back Killu Crus
20%
Vieilles merdes, vol. II Mach 6
20%
Retour aux sources Retour aux sources
20%
KKG II All blackz pt.3
12%
Killu Kinf G Pour mes n
12%
Perpette ou les ïles 2 Big data
10%
Planète OBS Big three
10%
DOC OVG Cause conséquences
6%
Killu Kinf G Mili boy
6%
NeoN Prends le temps
4%
Trap Luxe Black Pure Kush X BPK
2%
Mini RTTCLAN ... Travail d'Ekip 2
2%
Aucun quiz correspondant
Distribution des résultats
% des personnes avec chaque résultat
Percentile par nombre de réponses
Votre historique - résultats
Vous n’avez pas pris ce quiz depuis la dernière actualisation